Brazil and the quiet intervention, 1964

Αποθηκεύτηκε σε:
Λεπτομέρειες βιβλιογραφικής εγγραφής
Κύριος συγγραφέας: Parker, Phyllis R., 1947-
Μορφή: Βιβλίο
Γλώσσα:English
Δημοσίευση: Austin : University of Texas Press, c1979
Σειρά:Texas Pan American series
Θέματα:
Ετικέτες: Προσθήκη ετικέτας
Δεν υπάρχουν, Καταχωρήστε ετικέτα πρώτοι!

MARC

LEADER 00000cam a2200000 i 4500
001 1/16697
008 111122s1979 eng d
020 |a 0-292-78507-0 
035 |l 10111449 
040 |a GR-MY-UA  |b gre  |e aacr 
041 0 |a eng 
082 0 |a 320.981  |2 (22) 
100 1 |a Parker, Phyllis R.,   |d 1947- 
245 1 0 |a Brazil and the quiet intervention, 1964 /  |c by Phyllis R. Parker 
260 |a Austin :   |b University of Texas Press,   |c c1979 
300 |a xiv, 147 σ.;  |c 23 εκ. 
490 1 |a Texas Pan American series 
504 |a Βιβλιογραφία: [129]-134 
651 0 |a Brazil  |x Politics and government  |y 1954-1964. 
651 0 |a Brazil  |x Foreign relations  |z United States. 
651 0 |a United States  |x Foreign relations  |z Brazil. 
651 0 |a Brazil  |x History  |y Revolution, 1964. 
852 |a INST  |b LESVOS  |e 20111122  |h 320.981 PAR  |p 005100050959  |q 005100050959  |t BK  |y 0 
901 |a BIBL1-2011-3 
909 |a Λ  |b 173168 
970 |a ΤΖΑΦΕΡΗ  |b ΕΥΑΓΓΕΛΙΑ  |z 2011/11/22